Psychiatric nursing. / (Record no. 7940)

MARC details
000 -LEADER
fixed length control field 02477pam a22003134a 4500
001 - CONTROL NUMBER
control field 14906073
003 - CONTROL NUMBER IDENTIFIER
control field OSt
005 - DATE AND TIME OF LATEST TRANSACTION
control field 20211110163259.0
008 - FIXED-LENGTH DATA ELEMENTS--GENERAL INFORMATION
fixed length control field 070627s2007 moua b 001 0 eng
010 ## - LIBRARY OF CONGRESS CONTROL NUMBER
LC control number 2007277292
020 ## - INTERNATIONAL STANDARD BOOK NUMBER
International Standard Book Number 0323017398
040 ## - CATALOGING SOURCE
Original cataloging agency DLC
Transcribing agency DLC
Modifying agency DLC
050 00 - LIBRARY OF CONGRESS CALL NUMBER
Classification number RC440.K36
082 00 - DEWEY DECIMAL CLASSIFICATION NUMBER
Classification number 616.89/0231
Edition number 22
100 1# - MAIN ENTRY--PERSONAL NAME
Personal name Keltner, Norman L.
245 10 - TITLE STATEMENT
Title Psychiatric nursing. /
Statement of responsibility, etc. Norman L. Keltner, Lee Hilyard Schwecke, Carol E. Bostrom.
250 ## - EDITION STATEMENT
Edition statement 4th ed.
260 ## - PUBLICATION, DISTRIBUTION, ETC.
Place of publication, distribution, etc. St. Louis :
Name of publisher, distributor, etc. Mosby/Elsevier,
Date of publication, distribution, etc. 2003.
300 ## - PHYSICAL DESCRIPTION
Extent xxi, 638 p. :
Other physical details ill. (col.) ;
505 ## - FORMATTED CONTENTS NOTE
Formatted contents note Contents:1. Introduction to psychiatric nursing -- Psychotherapeutic management in the continuum of care -- Models for working with psychiatric patients -- Legal issues -- Psychobiologic bases of behavior -- 2. Continuum of care: Continuum of care -- Hospital-based care -- Community-based care -- 3. Therapeutic nurse-patient relationship: Communication -- Nurse-patient relationship -- Nursing process -- Anxiety, coping and crisis -- Working with the aggressive patient -- Working with groups of patients -- Working with the family -- Cultural competence in psychiatric nursing -- Spirituality -- 4. Psychopharmacology: Antiparkinson drugs -- Antipsychotic drugs --- Antidepressant drugs -- Antimanic drugs -- Antianxiety drugs -- 5. Milieu management: Introduction to milieu management -- Variables affecting the therapeutic environment -- Therapeutic environment in different treatment settings -- 6. Psychopathology: Introduction to psychopathology -- Depression -- Bipolar disorders -- Anxiety-related somatoform and dissociative disorders -- Cognitive disorders -- Personality disorders -- Sexual disorders -- Substance-related disorders -- Dual diagnosis -- Eating disorders -- 7. Special therapies in psychiatric nursing -- Behavior therapies -- Somatic therapies -- Alternative and complementary therapies -- 8. Special populations in psychiatric nursing: Survivors of violence and trauma -- Child and adolescent psychiatric nursing -- Mental disorders in older adults -- Working with patients with HIV infection --
650 #0 - SUBJECT ADDED ENTRY--TOPICAL TERM
Topical term or geographic name entry element Psychiatric nursing.
650 #0 - SUBJECT ADDED ENTRY--TOPICAL TERM
Topical term or geographic name entry element Psychotherapy.
650 #0 - SUBJECT ADDED ENTRY--TOPICAL TERM
Topical term or geographic name entry element Nurse and patient.
700 1# - ADDED ENTRY--PERSONAL NAME
Personal name Schwecke, Lee Hilyard.
700 1# - ADDED ENTRY--PERSONAL NAME
Personal name Bostrom, Carol E.
906 ## - LOCAL DATA ELEMENT F, LDF (RLIN)
a 7
b cbc
c origcop
d 2
e ncip
f 20
g y-gencatlg
942 ## - ADDED ENTRY ELEMENTS (KOHA)
Source of classification or shelving scheme Library of Congress Classification
Koha item type Books
Holdings
Withdrawn status Lost status Source of classification or shelving scheme Damaged status Not for loan Home library Current library Shelving location Date acquired Total Checkouts Full call number Barcode Date last seen Price effective from Koha item type
    Library of Congress Classification     WISCONSIN INTERNATIONAL UNIVERSITY COLLEGE, GHANA KUMASI LIBRARY WISCONSIN INTERNATIONAL UNIVERSITY COLLEGE, GHANA KUMASI LIBRARY nursing 08/08/2019   RC440.K36(4e) KSN/438/19 05/11/2021 05/11/2021 Books

If you have any concerns or questions; kindly contact the library


© Powered by WIUC ICT DIRECTORATE